000 00765nam a2200193Ii 4500
003 JO-AjNU
008 230605s9999||||xx |||||||||||||| ||und||
040 _aJO-AjNU
_bara
_erda
_cJO-AjNU
041 _aara
050 1 4 _aPJ7696.A8.U4246 1983
100 3 _aتأليف العمري،زينب عبد العزيز,
_eauthor
_943503
245 0 0 _aالسمات الحضارية في شعر الأعشى: دراسة لغوية وحضارية
264 3 1 _aالرياض:دارة الملك عبد العزيز،1983
300 _a438ص
336 _atext
_btxt
_2rdacontent
337 _aunmediated
_bn
_2rdamedia
338 _avolume
_bnc
_2rdacarrier
650 4 _a الشعر العربي - تاريخ ونقد - العصر الجاهلي - نقد وتفسير
_943504
999 _aA18707
_c22275
_d22275